INVESTIGACIÓN DE MERCADOS: UN ENFOQUE APLICADO (Registro nro. 223470)
[ vista simple ]
| 000 -LEADER | |
|---|---|
| campo de control de longitud fija | 00963nam a2200337Ia 4500 |
| 003 - IDENTIFICADOR DE NÚMERO DE CONTROL | |
| campo de control | EC-GqESP |
| 005 - FECHA Y HORA DE LA ÚLTIMA TRANSACCIÓN | |
| campo de control | 20251105153400.0 |
| 008 - DATOS DE LONGITUD FIJA--INFORMACIÓN GENERAL | |
| campo de control de longitud fija | 250425s9999 xx 000 0 und d |
| 010 ## - NÚMERO DE CONTROL DE LA BIBLIOTECA DEL CONGRESO | |
| Número de control de LC | 53563 |
| 020 ## - NÚMERO INTERNACIONAL ESTÁNDAR DEL LIBRO | |
| Número Internacional Estándar del Libro | 9702604915 |
| 041 ## - CÓDIGO DE IDIOMA | |
| Código de lengua del texto/banda sonora o título independiente | spa |
| 043 ## - CÓDIGO DE ÁREA GEOGRÁFICA | |
| Código de área geográfica | mx |
| 082 ## - NÚMERO DE LA CLASIFICACIÓN DECIMAL DEWEY | |
| Número de clasificación | 658.83 |
| Iniciales del Autor | MAL |
| 100 ## - ENTRADA PRINCIPAL--NOMBRE DE PERSONA | |
| Nombre de persona | MALHOTRA, NARESH K. |
| 245 #0 - MENCIÓN DEL TÍTULO | |
| Título | INVESTIGACIÓN DE MERCADOS: UN ENFOQUE APLICADO |
| 250 ## - MENCION DE EDICION | |
| Mención de edición | 4A ED. |
| 260 ## - PUBLICACIÓN, DISTRIBUCIÓN, ETC. | |
| Lugar de publicación, distribución, etc. | MEXICO |
| 260 ## - PUBLICACIÓN, DISTRIBUCIÓN, ETC. | |
| Lugar de publicación, distribución, etc. | México |
| Nombre del editor, distribuidor, etc. | PEARSON EDUCACION |
| Fecha de publicación, distribución, etc. | 2004 |
| 300 ## - DESCRIPCIÓN FÍSICA | |
| Extensión | 713 |
| 500 ## - NOTA GENERAL | |
| Nota general | Título Traducido: MARKETING RESEACHER: AN APPLIED ORIENTATION |
| 650 ## - PUNTO DE ACCESO ADICIONAL DE MATERIA--TÉRMINO DE MATERIA | |
| Término de materia o nombre geográfico como elemento de entrada | ANALISIS FACTORIAL |
| 650 ## - PUNTO DE ACCESO ADICIONAL DE MATERIA--TÉRMINO DE MATERIA | |
| Término de materia o nombre geográfico como elemento de entrada | ANALISIS FACTORIAL |
| 650 ## - PUNTO DE ACCESO ADICIONAL DE MATERIA--TÉRMINO DE MATERIA | |
| Término de materia o nombre geográfico como elemento de entrada | EVALUACION DE PROYECTOS |
| 650 ## - PUNTO DE ACCESO ADICIONAL DE MATERIA--TÉRMINO DE MATERIA | |
| Término de materia o nombre geográfico como elemento de entrada | EVALUACION DE PROYECTOS |
| 650 ## - PUNTO DE ACCESO ADICIONAL DE MATERIA--TÉRMINO DE MATERIA | |
| Término de materia o nombre geográfico como elemento de entrada | INVESTIGACION DE MERCADOS |
| 650 ## - PUNTO DE ACCESO ADICIONAL DE MATERIA--TÉRMINO DE MATERIA | |
| Término de materia o nombre geográfico como elemento de entrada | INVESTIGACION DE MERCADOS |
| 650 ## - PUNTO DE ACCESO ADICIONAL DE MATERIA--TÉRMINO DE MATERIA | |
| Término de materia o nombre geográfico como elemento de entrada | TECNICAS DE MUESTREO |
| 650 ## - PUNTO DE ACCESO ADICIONAL DE MATERIA--TÉRMINO DE MATERIA | |
| Término de materia o nombre geográfico como elemento de entrada | TECNICAS DE MUESTREO |
| 700 ## - ENTRADA AGREGADA--NOMBRE PERSONAL | |
| Nombre de persona | DAVILA MARTINEZ, JOSE FRANCISCO JAVIER |
| Término indicativo de función/relación | traductor |
| 942 ## - ELEMENTOS DE ENTRADA SECUNDARIOS (KOHA) | |
| Tipo de ítem Koha | Libros |
| Estatus retirado | Estado de pérdida | Estado de daño | No para préstamo | Biblioteca de origen | Biblioteca actual | Fecha de adquisición | Coste, precio normal de compra | Total de préstamos | Código de barras | Copia número | Ubicación en estantería | Nota pública | Fuente de la clasificación o esquema de estantería | Etiqueta RFID | Signatura topográfica completa | Tipo de ítem Koha |
|---|---|---|---|---|---|---|---|---|---|---|---|---|---|---|---|---|
| FACULTAD DE INGENIERIA MECANICA Y CIENCIAS DE LA PRODUCCION | CENTRO DE INFORMACIÓN BIBLIOTECARIA | 01/07/2009 | 32.00 | 50566 | 10 | ESPOL. CIB | Clasificación Decimal Dewey | 0000000000000000038289 | 658.83 MAL | Libros | ||||||
| CENTRO DE INFORMACIÓN BIBLIOTECARIA | CENTRO DE INFORMACIÓN BIBLIOTECARIA | 01/07/2009 | 32.00 | 53684 | 16 | Libros | ||||||||||
| CENTRO DE INFORMACIÓN BIBLIOTECARIA | CENTRO DE INFORMACIÓN BIBLIOTECARIA | 01/07/2009 | 32.00 | 53685 | 17 | Libros | ||||||||||
| CENTRO DE INFORMACIÓN BIBLIOTECARIA | CENTRO DE INFORMACIÓN BIBLIOTECARIA | 01/07/2009 | 32.00 | 53686 | 18 | Libros | ||||||||||
| CENTRO DE INFORMACIÓN BIBLIOTECARIA | CENTRO DE INFORMACIÓN BIBLIOTECARIA | 01/07/2009 | 32.00 | 53687 | 19 | 0000000000000000020903 | Libros | |||||||||
| CENTRO DE INFORMACIÓN BIBLIOTECARIA | CENTRO DE INFORMACIÓN BIBLIOTECARIA | 01/07/2009 | 32.00 | 53688 | 20 | Libros | ||||||||||
| CENTRO DE INFORMACIÓN BIBLIOTECARIA | CENTRO DE INFORMACIÓN BIBLIOTECARIA | 01/07/2009 | 32.00 | 53689 | 21 | Libros | ||||||||||
| CENTRO DE INFORMACIÓN BIBLIOTECARIA | CENTRO DE INFORMACIÓN BIBLIOTECARIA | 01/07/2009 | 32.00 | 53690 | 22 | Libros | ||||||||||
| CENTRO DE INFORMACIÓN BIBLIOTECARIA | CENTRO DE INFORMACIÓN BIBLIOTECARIA | 30/07/2005 | 33.00 | 48264 | 2 | Libros | ||||||||||
| CENTRO DE INFORMACIÓN BIBLIOTECARIA | CENTRO DE INFORMACIÓN BIBLIOTECARIA | 30/07/2005 | 33.00 | 48265 | 3 | Libros | ||||||||||
| CENTRO DE INFORMACIÓN BIBLIOTECARIA | CENTRO DE INFORMACIÓN BIBLIOTECARIA | 30/07/2005 | 33.00 | 48267 | 5 | Libros | ||||||||||
| CENTRO DE INFORMACIÓN BIBLIOTECARIA | CENTRO DE INFORMACIÓN BIBLIOTECARIA | 30/07/2005 | 33.00 | 48784 | 6 | Libros | ||||||||||
| CENTRO DE INFORMACIÓN BIBLIOTECARIA | CENTRO DE INFORMACIÓN BIBLIOTECARIA | 30/07/2005 | 33.00 | 48785 | 7 | Libros | ||||||||||
| CENTRO DE INFORMACIÓN BIBLIOTECARIA | CENTRO DE INFORMACIÓN BIBLIOTECARIA | 30/07/2005 | 33.00 | 48786 | 8 | Libros | ||||||||||
| CENTRO DE INFORMACIÓN BIBLIOTECARIA | CENTRO DE INFORMACIÓN BIBLIOTECARIA | 20/10/2006 | 33.00 | 52188 | 11 | Clasificación Decimal Dewey | Libros | |||||||||
| CENTRO DE INFORMACIÓN BIBLIOTECARIA | CENTRO DE INFORMACIÓN BIBLIOTECARIA | 20/10/2006 | 33.00 | 52189 | 12 | Clasificación Decimal Dewey | Libros | |||||||||
| CENTRO DE INFORMACIÓN BIBLIOTECARIA | CENTRO DE INFORMACIÓN BIBLIOTECARIA | 20/10/2006 | 33.00 | 52190 | 13 | Clasificación Decimal Dewey | Libros | |||||||||
| CENTRO DE INFORMACIÓN BIBLIOTECARIA | CENTRO DE INFORMACIÓN BIBLIOTECARIA | 20/10/2006 | 33.00 | 52191 | 14 | Clasificación Decimal Dewey | Libros | |||||||||
| CENTRO DE INFORMACIÓN BIBLIOTECARIA | CENTRO DE INFORMACIÓN BIBLIOTECARIA | 20/10/2006 | 33.00 | 52192 | 15 | Clasificación Decimal Dewey | Libros | |||||||||
| CENTRO DE INFORMACIÓN BIBLIOTECARIA | CENTRO DE INFORMACIÓN BIBLIOTECARIA | 30/07/2005 | 34.00 | 48266 | 4 | Libros | ||||||||||
| CENTRO DE INFORMACIÓN BIBLIOTECARIA | CENTRO DE INFORMACIÓN BIBLIOTECARIA | 30/07/2005 | 34.00 | 48787 | 9 | Libros | ||||||||||
| CENTRO DE INFORMACIÓN BIBLIOTECARIA | CENTRO DE INFORMACIÓN BIBLIOTECARIA | 16/08/2007 | 36.00 | D-36180 | 33 | 0000000000000000020898 | Libros | |||||||||
| ESCUELA DE NEGOCIOS | ESCUELA DE NEGOCIOS | 13/01/2005 | 27.00 | CP-12157 | 35 | |||||||||||
| ESCUELA DE NEGOCIOS | ESCUELA DE NEGOCIOS | 01/04/2006 | 27.00 | D-P 07797 | 37 | DONADO | ||||||||||
| ESCUELA DE NEGOCIOS | ESCUELA DE NEGOCIOS | 01/04/2006 | 27.00 | D-P 07798 | 38 | DONADO | ||||||||||
| ESCUELA DE NEGOCIOS | ESCUELA DE NEGOCIOS | 24/03/2007 | 40.00 | CP-12874 | 36 | COMPRA | ||||||||||
| FACULTAD DE INGENIERIA MECANICA Y CIENCIAS DE LA PRODUCCION | FACULTAD DE INGENIERIA MECANICA Y CIENCIAS DE LA PRODUCCION | 13/12/2007 | 20.00 | D-65413 | 34 |